Countries by Clues - Statistics

General Stats
  • This quiz has been taken 158 times
  • The average score is 13 of 15
Answer Stats
Clues Country % Correct
Ice Hockey, Hudson Bay Canada
96%
Trafalgar Square, Stonehenge United Kingdom
96%
Tibet, Noodles China
95%
2004 Tsunami, India's Teardrop Sri Lanka
94%
Koalas, Great Barrier Reef Australia
93%
Apartheid, 3 Capitals South Africa
91%
Guillotines, Lyon France
90%
Waffles, Flemish People Belgium
87%
Guinness, Luck Ireland
87%
Pirates, Horn Of Africa Somalia
86%
Patagonia, Messi Argentina
83%
Lapland, Saunas Finland
77%
Baja Peninsula, Day Of The Dead Mexico
75%
Animated Movie Series, Island Madagascar
58%
Bishkek, Hard For Some People To Pronounce Kyrgyzstan
44%
No matching quizzes found
Score Distribution
Percent of People with Each Score
Percentile by Number Answered
Your Score History
You have not taken this quiz